| 000 | 01032nam a22002297a 4500 | ||
|---|---|---|---|
| 003 | OSt | ||
| 005 | 20220608152545.0 | ||
| 008 | 120524t xxu||||| |||| 00| 0 eng d | ||
| 020 | _a9781861242280 | ||
| 040 | _cLC | ||
| 050 | _aHF5437.D2.C48 | ||
| 110 | _aCIPS | ||
| 245 |
_aBusiness needs in procurement and supply. / _cCIPS |
||
| 260 |
_aMaidenhead, England: _bProfex, _c2012. |
||
| 300 |
_a2 vols. : _bill. ; |
||
| 440 |
_aCIPS study matters, _n D2 |
||
| 500 | _aDiploma in procurement and supply: course books Diploma in procurement and supply: revision notes | ||
| 505 | _aContents: Business needs and procurement decisions -- Estimating costs and prices -- Operating financial budgets -- Specifying requirements -- Developing effective specifications -- Defining key performance indicators -- Understanding contract terms -- Assessing pricing arrangements -- Outsourcing -- Planning outsourced procurements -- | ||
| 650 | _aIndustrial procurement -- management | ||
| 650 | _aBusiness logistics | ||
| 942 |
_2lcc _cBK |
||
| 999 |
_c7543 _d15043 |
||